| 000 | 00374nam a22001697a 4500 | ||
|---|---|---|---|
| 003 | UA-OsUOA | ||
| 001 | 1396 | ||
| 007 | ta | ||
| 008 | 20050721b un ||||| |||| 00| 0 ukr d | ||
| 100 | _aHagnerelle | ||
| 700 | _aMichel | ||
| 942 | _cBK | ||
| 040 |
_aUA-OsUOA _cUA-OsUOA _dUA-OsUOA |
||
| 245 |
_aLa France dans L'espace Europeen. _bFrench |
||
| 955 | _a2 | ||
| 650 | 7 | _2UDC | |
| 999 |
_c287558 _d287558 |
||